000 00812nam a22002412a 4500
001 28156
003 BD-RjUL
005 20211209051238.0
008 140329s1959 enk b 001 0 eng d
035 _a(BD-RjUL)28237
040 _aKEN
_dOCL
_dBD-RjUL
_beng
_cBD-RjUL
041 _aeng
082 _a956.1
_bGOT 1959
100 1 _aGokalp, Ziya,
_d1876-1924.
_986268
245 1 0 _aTurkish nationalism and Western civilization :
_bselected essays /
_cTranslated and edited with an introd. by Niyazi Berkes
260 _aLondon :
_bAllen and Unwin,
_c1959.
300 _a[4] 336 p. ;
_c23 cm
504 _aIncludes Bibliographical references and index.
650 0 _aNationalism
_zTurkey
_986269
651 0 _aTurkey
_xCivilization
_xWestern influences
_986270
700 _aNiyazi Berkes
_986271
942 _2ddc
_cBK
999 _c28156
_d28156